Ngữ pháp tiếng Anh toàn tập
Đã lưu trong:
| Príomhúdar: | |
|---|---|
| Formáid: | Leabhar |
| Foilsithe: |
Hà Nội
Giáo dục
1998
|
| Ábhair: | |
| Clibeanna: |
Cuir Clib Leis
Gan Chlibeanna, Bí ar an gcéad duine leis an taifead seo a chlibeáil!
|
| Thư viện lưu trữ: | Trung tâm Học liệu Lê Vũ Hùng, Trường Đại học Đồng Tháp |
|---|
| LEADER | 00705pam a22002418a 4500 | ||
|---|---|---|---|
| 001 | 00039099 | ||
| 005 | 20171026081025.0 | ||
| 008 | 170517s1998 ||||||Viesd | ||
| 041 | 0 | # | |a Vie |
| 082 | 1 | 4 | |a 428 |b NG550PH |
| 100 | 1 | # | |a Lê Dũng |
| 245 | 1 | 0 | |a Ngữ pháp tiếng Anh toàn tập |
| 246 | 0 | 1 | |a English grammar |
| 260 | # | # | |a Hà Nội |b Giáo dục |c 1998 |
| 300 | # | # | |a 374tr. |c 29 cm |
| 653 | # | # | |a Tiếng anh |
| 653 | # | # | |a ngữ pháp |
| 852 | # | # | |b Kho mượn |j KM.0021723 |
| 852 | # | # | |b Kho đọc |j KD.0020645 |
| 852 | # | # | |j KD.0020645 |j KM.0021723 |
| 910 | |d 17/05/2017 | ||
| 980 | # | # | |a Trung tâm Học liệu Lê Vũ Hùng, Trường Đại học Đồng Tháp |